| 000 | 02251nam a2200385Ia 4500 | ||
|---|---|---|---|
| 001 | CRC0KE10423PDF | ||
| 003 | BD-DhSAU | ||
| 005 | 20151012144303.0 | ||
| 006 | m|||||o||d|||||||| | ||
| 007 | cr|||| | ||
| 008 | 110413s2011 flua sb 001 0 eng d | ||
| 020 | _a9781439809099 (ebook : PDF) | ||
| 040 |
_aBD-DhSAU _cBD-DhSAU |
||
| 090 |
_aQA278.8 _b.H47 2011 |
||
| 092 |
_a519.5 _bH591 |
||
| 100 | 1 |
_aHettmansperger, Thomas P., _d1939- |
|
| 245 | 1 | 0 |
_aRobust nonparametric statistical methods _h[electronic resource] / _cThomas P. Hettmansperger, Joseph W. McKean. |
| 250 | _a2nd ed. | ||
| 260 |
_aBoca Raton, Fla. : _bCRC Press, _c2011. |
||
| 300 |
_axvii, 535 p. : _bill. |
||
| 490 | 1 |
_aMonographs on statistics and applied probability ; _v113 |
|
| 520 |
_a"Often referred to as distribution-free methods, nonparametric methods do not rely on assumptions that the data are drawn from a given probability distribution. With an emphasis on Wilcoxon rank methods that enable a unified approach to data analysis, this book presents a unique overview of robust nonparametric statistical methods. Drawing on examples from various disciplines, the relevant R code for these examples, as well as numerous exercises for self-study, the text covers location models, regression models, designed experiments, and multivariate methods. This edition features a new chapter on cluster correlated data"-- _cProvided by publisher. |
||
| 504 | _aIncludes bibliographical references (p. 495-520) and indexes. | ||
| 505 | 0 | _a1. One-sample problems -- 2. Two-sample problems -- 3. Linear models -- 4. Experimental designs : fixed effects -- 5. Models with dependent error structure -- 6. Multivariate. | |
| 500 | _a"A Chapman & Hall book." | ||
| 530 | _aAlso available in print edition. | ||
| 538 | _aMode of access: World Wide Web. | ||
| 650 | 0 | _aNonparametric statistics. | |
| 650 | 0 | _aRobust statistics. | |
| 655 | 7 |
_aElectronic books. _2lcsh |
|
| 700 | 1 |
_aMcKean, Joseph W., _d1944- |
|
| 776 | 1 | _z9781439809082 | |
| 830 | 0 |
_aMonographs on statistics and applied probability ; _v113. |
|
| 856 | 4 | 0 |
_uhttp://marc.crcnetbase.com/isbn/9781439809099 _qapplication/PDF |
| 999 |
_c11563 _d11562 |
||